Asian Countries Ending in "IA" - Statistics

General Stats
  • This quiz has been taken 108,455 times
  • The average score is 7 of 9
Answer Stats
Country % Correct
Indonesia
90%
India
89%
Malaysia
84%
Mongolia
78%
Armenia
76%
Cambodia
75%
Saudi Arabia
75%
Georgia
72%
Syria
71%
No matching quizzes found
Score Distribution
Percent of People with Each Score
Percentile by Number Answered
Your Score History
You have not taken this quiz